MACRO ECONOMICS AND ADVANCED BUSINESS MATHEMATICS (Record no. 26520)
[ view plain ]
| 000 -LEADER | |
|---|---|
| fixed length control field | 00803cam a2200241ua 4500 |
| 001 - CONTROL NUMBER | |
| control field | 23272 |
| 008 - FIXED-LENGTH DATA ELEMENTS--GENERAL INFORMATION | |
| fixed length control field | 190701n2015 II |||gr||||Z||||||eng |
| 041 ## - LANGUAGE CODE | |
| Language code of text/sound track or separate title | eng |
| 082 ## - DEWEY DECIMAL CLASSIFICATION NUMBER | |
| Classification number | 339 |
| 100 1# - MAIN ENTRY--PERSONAL NAME | |
| Personal name | MUKHERJEE, DEBES. |
| 245 ## - TITLE STATEMENT | |
| Title | MACRO ECONOMICS AND ADVANCED BUSINESS MATHEMATICS |
| Medium | Textual Documents |
| 250 ## - EDITION STATEMENT | |
| Edition statement | 2ND. |
| 260 ## - PUBLICATION, DISTRIBUTION, ETC. | |
| Place of publication, distribution, etc. | NEW DELHI |
| Name of publisher, distributor, etc. | NCBA (NEW CENTRAL BOOK AGENCY) |
| Date of publication, distribution, etc. | 2015 |
| 300 ## - PHYSICAL DESCRIPTION | |
| Extent | 208.: |
| Dimensions | 20CM. |
| 500 ## - GENERAL NOTE | |
| General note | RUSA |
| 653 ## - INDEX TERM--UNCONTROLLED | |
| Uncontrolled term | Macroeconomics & related topics |
| 700 1# - ADDED ENTRY--PERSONAL NAME | |
| Personal name | MUKHERJEE, DEBES. |
| 700 ## - ADDED ENTRY--PERSONAL NAME | |
| Personal name | MOLLAH, S.ALI. |
No items available.